Understanding Human Behavior and the Social Environment (Record no. 2000)

MARC details
000 -LEADER
fixed length control field 01331cam a2200313 a 4500
001 - CONTROL NUMBER
control field 11975336
003 - CONTROL NUMBER IDENTIFIER
control field OSt
005 - DATE AND TIME OF LATEST TRANSACTION
control field 20240415125517.0
008 - FIXED-LENGTH DATA ELEMENTS--GENERAL INFORMATION
fixed length control field 000414s2001 caua b 001 0 eng
010 ## - LIBRARY OF CONGRESS CONTROL NUMBER
LC control number 00039881
020 ## - INTERNATIONAL STANDARD BOOK NUMBER
International Standard Book Number 0534546897
040 ## - CATALOGING SOURCE
Original cataloging agency DLC
Transcribing agency DLC
Modifying agency DLC
050 00 - LIBRARY OF CONGRESS CALL NUMBER
Classification number HM1033
Item number .Z37 2001
082 00 - DEWEY DECIMAL CLASSIFICATION NUMBER
Classification number 150 ZAS 2001
Edition number 21
100 1# - MAIN ENTRY--PERSONAL NAME
Personal name Zastrow, Charles; Kirst-Ashman, Karen Kay.
9 (RLIN) 5219
245 10 - TITLE STATEMENT
Title Understanding Human Behavior and the Social Environment
250 ## - EDITION STATEMENT
Edition statement 5th ed.
260 ## - PUBLICATION, DISTRIBUTION, ETC. (IMPRINT)
Place of publication, distribution, etc. Belmont, CA :
Name of publisher, distributor, etc. Brooks,
Date of publication, distribution, etc. c2001.
300 ## - PHYSICAL DESCRIPTION
Extent 1 v. (various pagings) :
Other physical details ill. ;
Dimensions 26 cm.
504 ## - BIBLIOGRAPHY, ETC. NOTE
Bibliography, etc Includes bibliographical references and indexes.
650 #0 - SUBJECT ADDED ENTRY--TOPICAL TERM
Topical term or geographic name as entry element Behavioral assessment.
9 (RLIN) 5220
650 #0 - SUBJECT ADDED ENTRY--TOPICAL TERM
Topical term or geographic name as entry element Social psychology.
9 (RLIN) 1818
856 41 - ELECTRONIC LOCATION AND ACCESS
Materials specified Table of contents only
Uniform Resource Identifier <a href="http://www.loc.gov/catdir/enhancements/fy1409/00039881-t.html">http://www.loc.gov/catdir/enhancements/fy1409/00039881-t.html</a>
856 42 - ELECTRONIC LOCATION AND ACCESS
Materials specified Publisher description
Uniform Resource Identifier <a href="http://www.loc.gov/catdir/enhancements/fy1409/00039881-d.html">http://www.loc.gov/catdir/enhancements/fy1409/00039881-d.html</a>
856 42 - ELECTRONIC LOCATION AND ACCESS
Materials specified Contributor biographical information
Uniform Resource Identifier <a href="http://www.loc.gov/catdir/enhancements/fy1409/00039881-b.html">http://www.loc.gov/catdir/enhancements/fy1409/00039881-b.html</a>
906 ## - LOCAL DATA ELEMENT F, LDF (RLIN)
a 7
b cbc
c orignew
d 1
e ocip
f 20
g y-gencatlg
942 ## - ADDED ENTRY ELEMENTS (KOHA)
Source of classification or shelving scheme Other/Generic Classification Scheme
Koha item type Short Loan
Holdings
Withdrawn status Lost status Source of classification or shelving scheme Damaged status Not for loan Home library Current library Date acquired Source of acquisition Inventory number Total Checkouts Full call number Barcode Date last seen Koha item type
    Dewey Decimal Classification     MUST Main Library MUST Main Library 10/06/2015 Purchase 01/15931   150 ZAS 2001 2015-1803 10/06/2015 Short Loan
    Dewey Decimal Classification     MUST Main Library MUST Main Library 11/06/2015 Purchase 01/15932   150 ZAS 2001 2015-1825 11/06/2015 Open Shelf